LEADER 01147nam a2200277 4500 001 000000364421 003 CaOOAMICUS 005 20250926153010.0 008 250919s2021 it a 000 u ita r 020 $a978-88-514-2455-8 040 $aSeMil$bita 100 1 $aPuma, Giuseppe.$0(OLS)http://semarc/name/122795 245 10$aAnnunciare per amore /$cGiuseppe Puma ; prefazione di sr. Ilaria Mazzotta ; postfazione di Stefano Taccone. 264 1$aMilano :$bÀncora,$c2021. 300 $a113 p. :$bill. ;$c20 cm 490 1 $aOrsa minore 700 1 $aTaccone, Stefano.$0(OLS)http://semarc/name/122797 700 1 $aMazzotta, Ilaria,$c.$0(OLS)http://semarc/name/122796 830 0$aOrsa minore.$0(OLS)http://semarc/title/30429 850 $aSeMil 852 $aSeMil$W1$xVenegono$y1$m1A I 46$j262407$B255288$CSeMilBibl$Z2$F255288 $81 961 $aBuzzi mons. Franco - Omaggio 996 $6020$a978-88-514-2455-8$9(OLS)http://semarc/number/304168 996 $6245$aAnnunciare per amore$9(OLS)http://semarc/title/455792 996 $6264$aMilano :$bÀncora$9(OLS)http://semarc/publisher/29763 LEADER 00550nab a2200145 i 4500 001 000000316058 003 CaOOAMICUS 005 20180831173202.0 008 180831n xx uu u0 0und r 013 $a25141 040 $aSeMil$bita 100 1 $aRimoldi, Antonio .$0(OLS)http://semarc/name/204 245 10$a[RECENSIONE DI: Marcocchi..., Le origini del Collegio della..., 1974]. 773 0 $t[Gennaio-Dicembre].$g144$w()273998 996 $6245$a[RECENSIONE DI: Marcocchi..., Le origini del Collegio della..., 1974]$9(OLS)http://semarc/title/390090